000 00641nam a2200253Ia 4500
003 OSt
005 20221007070818.0
006 a|||||r|||| 00| 0
007 ta
008 221006b |||||||| |||| 00| 0 eng d
024 _a39,506
037 _cTextual
040 _aFLL
_cFLL
_beng
041 _2eng
_aeng
082 _aZ2,2,4, Q2.1
100 _aRao G.C.V.S
_9687734
245 0 _aLaw of transfer of property
250 _a7th
260 _aHydrabad
_bALT Publications India
_c2012
300 _ad.p.
_ccm.
490 _vVol.-I
942 _hZ2,2,4, Q2.1
_cTEXL
_2CC
999 _c1141590
_d1141590